000 00632nam a22001937a 4500
999 _c5918
_d5918
003 AR-CdUCM
008 190313b ||||| |||| 00| 0 spa d
040 _aMUNICIPALIDAD PROVINCIAL DEL CUSCO
_cBIBLIOTECA MUNICIPAL DEL CUSCO
082 _a869 /
_bOL51
100 _aOlmedo, J. J.
_917420
245 _aPoesías escogidas /
260 _aEcuador :
_bAriel,
300 _a160 páginas ;
_c18 cm.
440 _aClásicos Ariel
_n40
_917421
505 _aLa victoria de Junin -- Notas de Olmedo -- Al general Lamar -- Al general Flores -- Ensayo sobre el hombre...
650 _aPoesía.
_9139
942 _2ddc
_cLIBROS
945 _awfj